Normal view
MARC view
Entry Topical Term
001 - CONTROL NUMBER
- control field: 16708
003 - CONTROL NUMBER IDENTIFIER
- control field: ARRUPE
005 - DATE AND TIME OF LATEST TRANSACTION
- control field: 20150327132342.0
008 - FIXED-LENGTH DATA ELEMENTS
- fixed length control field: 150327|| aca||aabn | a|a d
040 ## - CATALOGING SOURCE
- Original cataloging agency: ARRUPE
- Transcribing agency: ARRUPE
150 ## - HEADING--TOPICAL TERM
- Topical term or geographic name as entry element: English poetry
- General subdivision: Translations from Old Irish
670 ## - SOURCE DATA FOUND
- Source citation: Work cat.: (ARRUPE)122275: Meyer, Kuno, 15789, Selections from Ancient Irish poetry /, 1911.